[Event "Mercredi 2022.10.05 ABCD"]
[Site "Montreal CAN"]
[Date "2022.11.02"]
[Round "5"]
[White "Nunez, Omar"]
[Black "Singher, Jean-Pierre"]
[Result "0-1"]
[WhiteElo "1916"]
[BlackElo "1977"]
[PlyCount "67"]
[EventDate "2022.10.05"]
[EventType "tourn"]
[EventRounds "5"]
[EventCountry "CAN"]

1. d4 d5 2. Bf4 Nf6 3. e3 e6 4. Nf3 c5 5. c3 Qb6 6. Qc2 Bd7 7. Nbd2 cxd4 8.
exd4 Nc6 9. Bd3 Rc8 10. a3 a5 11. Rc1 a4 12. Qb1 Na5 13. O-O Bb5 14. Rfe1 Bxd3
15. Qxd3 Be7 16. h3 O-O 17. Rb1 Nb3 18. Nxb3 Qxb3 19. Nd2 Qb6 20. Be5 Nd7 21.
Bg3 Bd6 22. Bxd6 Qxd6 23. Qb5 Qc6 24. Qxc6 Rxc6 25. Re2 Rfc8 26. Nf3 Rb6 27.
Rbe1 h6 28. g4 Kf8 29. Kg2 Rb3 30. Ne5 Nxe5 31. dxe5 Rc6 32. Rd1 Rcb6 33. Rd4
Rxb2 34. Rxa4 0-1

[Event "Mercredi 2022.10.05 ABCD"]
[Site "Montreal CAN"]
[Date "2022.11.02"]
[Round "5"]
[White "Sekki, Abderaouf"]
[Black "Beaulieu, Pierre"]
[Result "1-0"]
[WhiteElo "1881"]
[BlackElo "1850"]
[PlyCount "43"]
[EventDate "2022.10.05"]
[EventType "tourn"]
[EventRounds "5"]
[EventCountry "CAN"]

1. d4 e6 2. c4 f5 3. g3 c6 4. Bg2 d5 5. Nf3 Nf6 6. O-O Bd6 7. b3 Qe7 8. Bb2 b6
9. Nbd2 Bb7 10. Ne5 O-O 11. Rc1 Na6 12. cxd5 cxd5 13. Ndf3 Ne4 14. Qd3 Nb4 15.
Qb1 g5 16. Rfd1 g4 17. Nd2 Bxe5 18. dxe5 Nxd2 19. Rxd2 f4 20. Rd4 Qg5 21. Rc7
fxg3 22. Qxh7# 1-0

[Event "Mercredi 2022.10.05 ABCD"]
[Site "Montreal CAN"]
[Date "2022.11.02"]
[Round "5"]
[White "Toenz, Antoine"]
[Black "Have, Didier"]
[Result "0-1"]
[WhiteElo "2052"]
[BlackElo "1998"]
[PlyCount "28"]
[EventDate "2022.10.05"]
[EventType "tourn"]
[EventRounds "5"]
[EventCountry "CAN"]

1. e4 Nf6 2. Nc3 e5 3. Nf3 d6 4. d3 Nc6 5. h3 Be6 6. d4 exd4 7. Nxd4 Nxd4 8.
Qxd4 Be7 9. Be3 O-O 10. O-O-O c6 11. f4 Qa5 12. Kb1 b5 13. f5 c5 14. Qd2 Nxe4
0-1

[Event "Mercredi 2022.10.05 ABCD"]
[Site "Montreal CAN"]
[Date "2022.11.02"]
[Round "5"]
[White "Tremblay, Alain"]
[Black "Rodrigue-Lemieux, Shawn"]
[Result "0-1"]
[WhiteElo "2164"]
[BlackElo "2498"]
[PlyCount "54"]
[EventDate "2022.10.05"]
[EventType "tourn"]
[EventRounds "5"]
[EventCountry "CAN"]

1. e4 c6 2. d3 d5 3. f4 e5 4. Nf3 exf4 5. Bxf4 dxe4 6. dxe4 Qb6 7. Qd4 Nf6 8.
Nbd2 Qxd4 9. Nxd4 Bc5 10. N4b3 Be7 11. Be2 O-O 12. O-O Bg4 13. Rae1 Bxe2 14.
Rxe2 Nbd7 15. h3 Rfe8 16. Rfe1 Nh5 17. Bh2 Nb6 18. c3 Bh4 19. Rf1 Rad8 20. Nc5
Re7 21. Nf3 Ng3 22. Bxg3 Bxg3 23. Nd4 g6 24. Ncb3 Na4 25. Rf3 Be5 26. Rf1 Rde8
27. Kf2 Bxd4+ 0-1

[Event "Mercredi 2022.11.15 ABCD"]
[Site "Montreal CAN"]
[Date "2022.11.16"]
[Round "1"]
[White "Abderaouf, Sekki"]
[Black "Beaulieu, Pierre"]
[Result "1/2-1/2"]
[WhiteElo "1895"]
[BlackElo "1870"]
[PlyCount "96"]
[EventDate "2022.11.16"]
[EventType "tourn"]
[EventRounds "5"]
[EventCountry "CAN"]

1. d4 Nf6 2. c4 c5 3. d5 b5 4. cxb5 a6 5. Nc3 g6 6. e4 d6 7. Nf3 Nbd7 8. a4 Bg7
9. h3 O-O 10. Bd3 axb5 11. Bxb5 Ba6 12. Bxa6 Rxa6 13. O-O Ne8 14. Qc2 Nc7 15.
b3 Qb8 16. Rb1 Qb7 17. Nd2 Qb4 18. Bb2 Rb8 19. Na2 Qb7 20. Bxg7 Kxg7 21. Nc4
Qa8 22. Nc3 Nb6 23. Na3 Rf8 24. Ncb5 Nxb5 25. Nxb5 Qc8 26. Na3 Kg8 27. Nc4 Qd7
28. Ra1 Nxc4 29. Qxc4 Rb6 30. f3 Rfb8 31. Ra3 Qa7 32. Kh1 Rb4 33. Qc2 Qa6 34.
Rc1 Qa7 35. Qd1 Qb7 36. Rc3 Rd4 37. Qc2 Qb4 38. Qc1 Rd1+ 39. Qxd1 Qxc3 40. a5
Ra8 41. Qa1 Qb4 42. a6 Ra7 43. Qa2 f6 44. Ra4 Qe1+ 45. Kh2 h5 46. Qb2 h4 47.
Ra1 Qg3+ 48. Kh1 Rxa6 1/2-1/2

[Event "Mercredi 2022.11.15 ABCD"]
[Site "Montreal CAN"]
[Date "2022.11.16"]
[Round "1"]
[White "Adam, Rafael"]
[Black "Lawson, Eric"]
[Result "0-1"]
[WhiteElo "2244"]
[BlackElo "2346"]
[PlyCount "94"]
[EventDate "2022.11.16"]
[EventType "tourn"]
[EventRounds "5"]
[EventCountry "CAN"]

1. d4 d5 2. c4 c6 3. Nf3 Nf6 4. e3 Bf5 5. Nc3 e6 6. Nh4 Bg6 7. Qb3 Qb6 8. Nxg6
hxg6 9. Bd2 Nbd7 10. Bd3 Qxb3 11. axb3 Bd6 12. h3 e5 13. dxe5 Nxe5 14. Be2 dxc4
15. bxc4 Bb4 16. Kd1 O-O-O 17. Kc2 a5 18. Rhd1 Ned7 19. Be1 Nc5 20. Bf3 Kc7 21.
b3 Rhe8 22. h4 Nfd7 23. Na4 Nxa4 24. Bxb4 axb4 25. Rxa4 Nc5 26. Rxd8 Rxd8 27.
Rxb4 Ra8 28. Kb1 Rd8 29. Kc2 Rd6 30. Be2 Kb8 31. f3 Ka7 32. g4 Re6 33. e4 Ka6
34. Kc3 Ka5 35. Bd1 Re8 36. Bc2 Rh8 37. Ra4+ Nxa4+ 38. bxa4 c5 39. e5 Rxh4 40.
Be4 Rh8 41. Bxb7 Re8 42. Bd5 Rxe5 43. Bxf7 Re3+ 44. Kd2 Rxf3 45. Be6 Kxa4 46.
Ke2 Rf4 47. Kd3 Kb3 0-1

[Event "Mercredi 2022.11.15 ABCD"]
[Site "Montreal CAN"]
[Date "2022.12.13"]
[Round "1"]
[White "Batorshyn, Ilia"]
[Black "Rodrigue-Lemieux, Shawn"]
[Result "0-1"]
[WhiteElo "2145"]
[BlackElo "2489"]
[PlyCount "106"]
[EventDate "2022.11.16"]
[EventType "tourn"]
[EventRounds "5"]
[EventCountry "CAN"]

1. e4 c6 2. d4 d5 3. e5 Bf5 4. h4 h5 5. Bd3 Bxd3 6. Qxd3 Qa5+ 7. Nd2 e6 8. Ngf3
Nh6 9. O-O Nf5 10. Nb3 Qa6 11. Qxa6 Nxa6 12. c3 c5 13. dxc5 Bxc5 14. Bd2 Rc8
15. Rac1 Bb6 16. Nbd4 Bxd4 17. cxd4 Kd7 18. g3 Nb8 19. Bc3 Rc7 20. Rfd1 Rhc8
21. a4 Rc6 22. a5 Na6 23. Rb1 Nc7 24. Rd3 Nb5 25. Nd2 R8c7 26. Nb3 Kc8 27. Bd2
Rc4 28. Be3 Ra4 29. Rbd1 Ra2 30. R1d2 Ne7 31. Bg5 Nc6 32. Rc2 Ra4 33. Be3 Nxa5
34. Rxc7+ Kxc7 35. Nxa5 Rxa5 36. Bd2 Ra1+ 37. Kg2 Kd7 38. Rb3 a6 39. Rf3 Ke8
40. Rb3 Ra4 41. Be3 Kd7 42. f3 Rc4 43. Kh3 Kc6 44. Rd3 Rc2 45. Rb3 a5 46. g4 a4
47. Rb4 hxg4+ 48. fxg4 a3 49. h5 Rxb2 50. Ra4 Rb3 51. g5 Rxe3+ 52. Kh2 Nxd4 53.
h6 gxh6 0-1

[Event "Mercredi 2022.11.15 ABCD"]
[Site "Montreal CAN"]
[Date "2022.11.16"]
[Round "1"]
[White "Cardin, Guillaume"]
[Black "Have, Didier"]
[Result "0-1"]
[WhiteElo "2095"]
[BlackElo "2010"]
[PlyCount "69"]
[EventDate "2022.11.16"]
[EventType "tourn"]
[EventRounds "5"]
[EventCountry "CAN"]

1. d4 d5 2. c4 Nc6 3. Nf3 Bg4 4. Nc3 Bxf3 5. exf3 e6 6. cxd5 exd5 7. Bb5 Be7 8.
O-O Nf6 9. Re1 O-O 10. Bg5 Re8 11. Rc1 Qd6 12. Qd2 a6 13. Ba4 b5 14. Nxb5 axb5
15. Bxb5 Nh5 16. Bxe7 Nxe7 17. Bxe8 Rxe8 18. Qc3 Rc8 19. Qc5 Qxc5 20. Rxc5 Kf8
21. g3 Nf6 22. a4 c6 23. a5 Ra8 24. b4 Ne8 25. Kf1 Nd6 26. Ke2 Ke8 27. Kd3 Kd7
28. Rxe7+ Kxe7 29. Rxc6 Rb8 30. Rc5 Ke6 31. Kc3 Nb5+ 32. Kd3 Kd6 33. h4 Nxd4
34. a6 Nc6 35. Kc3 0-1

[Event "Mercredi 2022.11.15 ABCD"]
[Site "Montreal CAN"]
[Date "2022.11.16"]
[Round "1"]
[White "Cote, Etienne"]
[Black "Landry, Sylvain"]
[Result "1-0"]
[WhiteElo "1793"]
[BlackElo "1918"]
[PlyCount "101"]
[EventDate "2022.11.16"]
[EventType "tourn"]
[EventRounds "5"]
[EventCountry "CAN"]

1. e4 c5 2. Nf3 d6 3. d4 cxd4 4. Nxd4 Nf6 5. Nc3 a6 6. Be2 e5 7. Nb3 Be7 8. Be3
Be6 9. Nd5 Nxd5 10. exd5 Bf5 11. c4 Nd7 12. O-O O-O 13. Qd2 Bg6 14. Na5 f5 15.
f4 Rb8 16. b4 Nf6 17. Rfd1 Ne4 18. Qb2 exf4 19. Bd4 Bf6 20. Rac1 Be8 21. Nb3 g5
22. Rf1 Rc8 23. Bd3 Bg6 24. c5 Bxd4+ 25. Qxd4 Qf6 26. c6 b5 27. Bxe4 fxe4 28.
Qxf6 Rxf6 29. Ra1 Rf5 30. Rfd1 Bf7 31. a4 Bxd5 32. Nd4 Re5 33. axb5 axb5 34.
Ra6 e3 35. Rc1 Re4 36. Nxb5 Rxb4 37. Nxd6 Rc7 38. Ra8+ Kg7 39. Ne8+ Kh6 40.
Nxc7 Be4 41. Ra2 g4 42. Ne6 f3 43. gxf3 gxf3 44. c7 Bb7 45. Nc5 f2+ 46. Kf1 Bc8
47. Ra8 Bh3+ 48. Ke2 Rc4 49. Rf1 Rxc5 50. c8=Q Bxf1+ 51. Kxf1 1-0

[Event "Mercredi 2022.11.15 ABCD"]
[Site "Montreal CAN"]
[Date "2022.11.16"]
[Round "1"]
[White "Di Matteo, Alessio"]
[Black "Genzling, Jerome"]
[Result "1/2-1/2"]
[WhiteElo "1967"]
[BlackElo "1981"]
[PlyCount "161"]
[EventDate "2022.11.16"]
[EventType "tourn"]
[EventRounds "5"]
[EventCountry "CAN"]

1. d4 d5 2. c4 e6 3. Nc3 a6 4. Qb3 dxc4 5. Qxc4 b5 6. Qb3 Qxd4 7. Nf3 Qb4 8.
Qc2 Nf6 9. Bg5 Be7 10. Rd1 O-O 11. Rd4 Qc5 12. b4 Qa7 13. Rh4 Nbd7 14. Ne5 Nxe5
15. Bxf6 Ng6 16. Bxe7 Nxh4 17. Bxh4 Re8 18. e3 c5 19. bxc5 Qxc5 20. Bd3 h6 21.
O-O Bb7 22. Ne2 Qh5 23. Bg3 Rac8 24. Qb1 Red8 25. Nf4 Qc5 26. h4 Qc6 27. Be2
Qc2 28. Bd3 Qc5 29. f3 Qc3 30. Rd1 b4 31. Be1 Qe5 32. Bf2 a5 33. Ne2 Bd5 34. e4
Bc4 35. Bxc4 Rxd1+ 36. Qxd1 Rxc4 37. Qd8+ Kh7 38. Bd4 Qc7 39. Qf8 e5 40. Be3
Rc2 41. Ng3 Qc8 42. Qxf7 a4 43. Nf5 Rc7 44. Ne7 Qd8 45. Qf5+ Kh8 46. Ng6+ Kg8
47. Qe6+ Kh7 48. Nxe5 Qf6 49. Qd5 b3 50. axb3 axb3 51. Qb5 Rc3 52. Ng4 Qd8 53.
h5 Qd3 54. Qf5+ Kh8 55. Qf8+ Kh7 56. Nf6+ gxf6 57. Qf7+ Kh8 58. Qxf6+ Kg8 59.
Qe6+ Kh7 60. Qg6+ Kh8 61. Qxh6+ Kg8 62. Qe6+ Kh7 63. Qf7+ Kh8 64. Qf8+ Kh7 65.
Qf7+ Kh8 66. Bf4 Qd4+ 67. Kh2 b2 68. Qf8+ Kh7 69. Qf5+ Kg8 70. Qe6+ Kh7 71. Be5
Qg1+ 72. Kh3 Rxf3+ 73. gxf3 Qh1+ 74. Kg4 Qg2+ 75. Kf4 Qh2+ 76. Kg5 Qg2+ 77. Kf4
Qh2+ 78. Kg4 Qg2+ 79. Kh4 Qh1+ 80. Kg5 Qg2+ 81. Kf4 1/2-1/2

[Event "Mercredi 2022.11.15 ABCD"]
[Site "Montreal CAN"]
[Date "2022.11.16"]
[Round "1"]
[White "Jacquet, Stephane"]
[Black "Mok, Yuen Tak"]
[Result "0-1"]
[WhiteElo "1988"]
[BlackElo "2031"]
[PlyCount "88"]
[EventDate "2022.11.16"]
[EventType "tourn"]
[EventRounds "5"]
[EventCountry "CAN"]

1. d4 d5 2. c4 c6 3. Nc3 Nf6 4. Nf3 e6 5. Bg5 Nbd7 6. cxd5 exd5 7. e3 h6 8. Bh4
g5 9. Bg3 Nh5 10. Be5 Nxe5 11. Nxe5 Nf6 12. Bd3 Bg7 13. O-O O-O 14. f4 Nd7 15.
Rf2 Nxe5 16. dxe5 f6 17. Qh5 fxe5 18. fxe5 Rxf2 19. Kxf2 Qe7 20. Kg1 Qe6 21. h4
gxh4 22. Rf1 Bd7 23. Bf5 Qe7 24. Ne2 Qxe5 25. Nd4 Qxe3+ 26. Kh1 Rf8 27. Qg6
Bxf5 28. Nxf5 Qg5 29. Qe6+ Kh7 30. b4 Qf6 31. Qd7 Rf7 32. Qe8 Rf8 33. Qe7 Qf7
34. Qd6 Qg6 35. Qd7 Rf7 36. Qc8 Be5 37. Rf3 Qg5 38. Rf1 Bg7 39. Qe6 Rf6 40. Qd7
Rg6 41. Rf2 h3 42. g3 Qc1+ 43. Kh2 Qe1 44. Rc2 Qe6 0-1

[Event "Mercredi 2022.11.15 ABCD"]
[Site "Montreal CAN"]
[Date "2022.11.16"]
[Round "1"]
[White "Latorre, Vincent"]
[Black "Leveille, Francois"]
[Result "1-0"]
[WhiteElo "2130"]
[BlackElo "2331"]
[PlyCount "73"]
[EventDate "2022.11.16"]
[EventType "tourn"]
[EventRounds "5"]
[EventCountry "CAN"]

1. e4 d5 2. exd5 Nf6 3. d4 Nxd5 4. c4 Nb6 5. Nc3 g6 6. Nf3 Bg7 7. c5 Nd5 8. Bc4
Nxc3 9. bxc3 O-O 10. O-O Nc6 11. Re1 Na5 12. Bb3 b6 13. Ba3 Re8 14. Ne5 Nxb3
15. axb3 Bb7 16. c6 Bc8 17. d5 f6 18. Nc4 e5 19. d6 cxd6 20. Nxd6 Be6 21. Nxe8
Qxe8 22. c7 Rc8 23. Bd6 Qc6 24. c4 a5 25. Qd2 Bh6 26. Qd3 Bf5 27. Qd5+ Qxd5 28.
cxd5 Kf7 29. Ra4 Bc2 30. Rh4 Bg7 31. f4 Bxb3 32. fxe5 fxe5 33. Bxe5 Bxe5 34.
Rxe5 Kf6 35. Re6+ Kg5 36. Rxh7 a4 37. Rxb6 1-0

[Event "Mercredi 2022.11.15 ABCD"]
[Site "Montreal CAN"]
[Date "2022.11.16"]
[Round "1"]
[White "Lebeau, Gilbert"]
[Black "Barko, Maxim"]
[Result "0-1"]
[WhiteElo "1924"]
[BlackElo "1981"]
[PlyCount "110"]
[EventDate "2022.11.16"]
[EventType "tourn"]
[EventRounds "5"]
[EventCountry "CAN"]

1. d4 Nf6 2. c4 g6 3. Nc3 Bg7 4. e4 O-O 5. Nf3 d6 6. h3 Na6 7. Be2 e5 8. d5 Nc5
9. Qc2 a5 10. Bg5 Qe8 11. Nd2 h6 12. Be3 Bd7 13. g4 Nh7 14. Rg1 c6 15. Nb3 Nxb3
16. axb3 c5 17. Na4 Ra6 18. Qd2 g5 19. Nc3 Qd8 20. f3 Re8 21. Kf2 Nf8 22. h4
gxh4 23. Bxh6 Ng6 24. Rh1 Kh7 25. Bg5 Bf6 26. Be3 Rh8 27. Bd3 Kg7 28. Ne2 Qb6
29. Bc2 Rha8 30. g5 Be7 31. f4 exf4 32. Nxf4 Rh8 33. Nxg6 fxg6 34. Qc3+ Kg8 35.
Raf1 a4 36. Kg2 axb3 37. Bb1 h3+ 38. Kh2 Ra8 39. Rf6 Bxf6 40. Qxf6 Rh7 41. Rf1
Qd8 42. Qxg6+ Rg7 43. Qh5 Qe8 44. Qh4 Qe5+ 45. Qg3 Qxb2+ 46. Kh1 Ra1 47. Bd3
Rxf1+ 48. Bxf1 Rf7 49. Bf4 Qb1 50. Kg1 b2 51. g6 Rf8 52. Qh4 Qxf1+ 53. Kxf1
b1=Q+ 54. Ke2 Qxe4+ 55. Kd1 Ba4+ 0-1

[Event "Mercredi 2022.11.15 ABCD"]
[Site "Montreal CAN"]
[Date "2022.11.16"]
[Round "1"]
[White "Lima-Barbosa, Raphael"]
[Black "Wang, Rachel"]
[Result "1-0"]
[WhiteElo "1879"]
[BlackElo "1892"]
[PlyCount "59"]
[EventDate "2022.11.16"]
[EventType "tourn"]
[EventRounds "5"]
[EventCountry "CAN"]

1. d4 d5 2. c4 dxc4 3. Nf3 Nf6 4. e3 e6 5. Bxc4 c5 6. O-O Nc6 7. Qe2 cxd4 8.
exd4 Nxd4 9. Nxd4 Qxd4 10. Rd1 Qb6 11. Nc3 Bd7 12. Rxd7 Nxd7 13. Nd5 Qc6 14.
Bg5 h6 15. Bb5 Qxd5 16. Rd1 Qxg5 17. Rxd7 Bd6 18. Rxd6+ Ke7 19. Rd7+ Kf6 20.
Qf3+ Qf5 21. Qc3+ e5 22. Rd6+ Kg5 23. h4+ Kh5 24. Be2+ Qg4 25. Bxg4+ Kxg4 26.
Qg3+ Kh5 27. Qxe5+ g5 28. Qe2+ Kxh4 29. Rd4+ g4 30. Qxg4# 1-0

[Event "Mercredi 2022.11.15 ABCD"]
[Site "Montreal CAN"]
[Date "2022.11.16"]
[Round "1"]
[White "Singher, Jean-Pierre"]
[Black "Chapdelaine, Gwyn"]
[Result "0-1"]
[WhiteElo "1989"]
[BlackElo "1985"]
[PlyCount "52"]
[EventDate "2022.11.16"]
[EventType "tourn"]
[EventRounds "5"]
[EventCountry "CAN"]

1. d4 Nf6 2. Nf3 d5 3. c4 dxc4 4. Nc3 Bf5 5. e3 e6 6. Bxc4 Bd6 7. O-O O-O 8. a3
a6 9. Re1 Ne4 10. Bd3 Nxc3 11. bxc3 Bxd3 12. Qxd3 Nd7 13. Rb1 Rb8 14. c4 b6 15.
Bd2 Re8 16. e4 e5 17. c5 bxc5 18. Rxb8 Qxb8 19. dxe5 Nxe5 20. Nxe5 Bxe5 21. Be3
Qb6 22. Qd7 Rb8 23. Rd1 h6 24. f4 Bd4 25. Bxd4 cxd4 26. Qxd4 Rd8 0-1

[Event "Mercredi 2022.11.15 ABCD"]
[Site "Montreal CAN"]
[Date "2022.11.16"]
[Round "1"]
[White "Toenz, Antoine"]
[Black "Gadbois, Patrick"]
[Result "1/2-1/2"]
[WhiteElo "1985"]
[BlackElo "1921"]
[PlyCount "102"]
[EventDate "2022.11.16"]
[EventType "tourn"]
[EventRounds "5"]
[EventCountry "CAN"]

1. e4 e6 2. d4 d5 3. e5 c5 4. Nf3 Nc6 5. Bd3 Qb6 6. O-O cxd4 7. Nbd2 f6 8. Re1
fxe5 9. Nxe5 Nxe5 10. Rxe5 Nf6 11. Nf3 Bd6 12. Re1 O-O 13. h3 Bd7 14. Nxd4 e5
15. Nb3 e4 16. Be3 Qc7 17. Bf1 Bh2+ 18. Kh1 Bf4 19. Rc1 Bxe3 20. Rxe3 Qf4 21.
Qd2 Bc6 22. Nd4 Rae8 23. c4 Kh8 24. Re2 Qe5 25. b4 dxc4 26. Nxc6 bxc6 27. Rxc4
Rc8 28. Re1 Qd5 29. Rd4 Qf5 30. g4 Qg6 31. Bg2 c5 32. bxc5 Rxc5 33. Bxe4 Nxe4
34. Rdxe4 Qc6 35. f3 Rc2 36. Qd3 Rxa2 37. R1e2 Ra1+ 38. Re1 Rxe1+ 39. Rxe1 Rxf3
40. Qe4 Qxe4 41. Rxe4 Kg8 42. Kg2 Ra3 43. Re7 a5 44. Ra7 a4 45. Kh2 h6 46. h4
Ra2+ 47. Kg3 a3 48. Kh3 Ra1 49. Kg2 Kh7 50. h5 Kg8 51. Kh2 Ra2+ 1/2-1/2

[Event "Mercredi 2022.11.15 ABCD"]
[Site "Montreal CAN"]
[Date "2022.11.23"]
[Round "2"]
[White "Barko, Maxim"]
[Black "Genzling, Jerome"]
[Result "1-0"]
[WhiteElo "1981"]
[BlackElo "1981"]
[PlyCount "97"]
[EventDate "2022.11.16"]
[EventType "tourn"]
[EventRounds "5"]
[EventCountry "CAN"]

1. e4 c5 2. Nf3 Nc6 3. Bb5 g6 4. O-O Bg7 5. c3 Nf6 6. Qe2 O-O 7. d4 cxd4 8.
cxd4 d5 9. e5 Ne4 10. Nc3 Nxc3 11. bxc3 Na5 12. Be3 a6 13. Bd3 Qc7 14. Rac1 b5
15. Nd2 f6 16. f4 fxe5 17. dxe5 Bf5 18. Nf3 Bg4 19. Qf2 Bxf3 20. Qxf3 e6 21.
Qg4 Rae8 22. h4 Nc4 23. Bd4 Nd2 24. h5 Nxf1 25. Rxf1 Qe7 26. hxg6 h6 27. Qh3 b4
28. c4 Rc8 29. cxd5 exd5 30. Bf5 Rc6 31. Bd3 Rfc8 32. Re1 Rc1 33. Rxc1 Rxc1+
34. Kh2 a5 35. Bb2 Rc6 36. Qg3 a4 37. f5 Qg5 38. Qf3 Qh4+ 39. Kg1 Qe1+ 40. Kh2
Qh4+ 41. Kg1 Qe1+ 42. Bf1 Qd2 43. f6 Bf8 44. Ba1 Re6 45. Qf5 Qe3+ 46. Kh1 Qb6
47. Bd3 Qc6 48. g7 Qc1+ 49. Kh2 1-0

[Event "Mercredi 2022.11.15 ABCD"]
[Site "Montreal CAN"]
[Date "2022.11.23"]
[Round "2"]
[White "Beaulieu, Pierre"]
[Black "Cote, Etienne"]
[Result "1/2-1/2"]
[WhiteElo "1870"]
[BlackElo "1793"]
[PlyCount "103"]
[EventDate "2022.11.16"]
[EventType "tourn"]
[EventRounds "5"]
[EventCountry "CAN"]

1. Nf3 Nf6 2. e3 g6 3. b3 Bg7 4. Bb2 d6 5. Be2 e5 6. d3 O-O 7. Nbd2 Nc6 8. O-O
h6 9. a4 Nh7 10. d4 Ng5 11. Rb1 Nxf3+ 12. Bxf3 d5 13. dxe5 Nxe5 14. Bxe5 Bxe5
15. b4 c6 16. Be2 a5 17. b5 c5 18. b6 Be6 19. g3 Bh3 20. Re1 Bc3 21. Bf3 h5 22.
Re2 h4 23. Nf1 d4 24. Bxb7 Rb8 25. Bh1 Rxb6 26. Rxb6 Qxb6 27. exd4 cxd4 28. Re4
hxg3 29. hxg3 Kg7 30. Rh4 Rh8 31. Rxh8 Kxh8 32. Kh2 Bd7 33. Kg1 Bxa4 34. Nh2
Bd7 35. Bd5 Be6 36. Qf3 Bxd5 37. Qxd5 Qe6 38. Qb3 Kg7 39. Qb5 Qe1+ 40. Kg2 Qe4+
41. Nf3 Qf5 42. Qa4 g5 43. Qc6 g4 44. Nh4 Qxc2 45. Qd5 Qe2 46. Qg5+ Kf8 47.
Qh6+ Ke8 48. Qc6+ Kd8 49. Qd6+ Kc8 50. Qc6+ Kb8 51. Qb6+ Ka8 52. Qc6+ 1/2-1/2

[Event "Mercredi 2022.11.15 ABCD"]
[Site "Montreal CAN"]
[Date "2022.11.23"]
[Round "2"]
[White "Cardin, Guillaume"]
[Black "Singher, Jean-Pierre"]
[Result "0-1"]
[WhiteElo "2095"]
[BlackElo "1989"]
[PlyCount "46"]
[EventDate "2022.11.16"]
[EventType "tourn"]
[EventRounds "5"]
[EventCountry "CAN"]

1. d4 d5 2. c4 c6 3. Nc3 Nf6 4. e3 e6 5. Nf3 Nbd7 6. Be2 Bd6 7. O-O O-O 8. b3
a6 9. a4 a5 10. Bb2 Re8 11. Rc1 Bb4 12. h3 Qe7 13. Ne5 Nxe5 14. dxe5 Nd7 15. f4
f6 16. exf6 Nxf6 17. Bd3 Bc5 18. Re1 e5 19. Kh1 Ng4 20. hxg4 Qh4+ 21. Kg1 exf4
22. Bf5 Rxe3 23. Ne2 Rh3+ 0-1

[Event "Mercredi 2022.11.15 ABCD"]
[Site "Montreal CAN"]
[Date "2022.11.23"]
[Round "2"]
[White "Gadbois, Patrick"]
[Black "Di Matteo, Alessio"]
[Result "0-1"]
[WhiteElo "1921"]
[BlackElo "1967"]
[PlyCount "68"]
[EventDate "2022.11.16"]
[EventType "tourn"]
[EventRounds "5"]
[EventCountry "CAN"]

1. d4 Nf6 2. Nf3 c5 3. e3 e6 4. Bd3 b6 5. O-O Bb7 6. Nbd2 Be7 7. c3 O-O 8. e4
cxd4 9. cxd4 Ba6 10. Nb3 Bxd3 11. Qxd3 Qc8 12. e5 Nd5 13. Bg5 Qd8 14. Bxe7 Qxe7
15. Rac1 Nc6 16. a3 f6 17. Nbd2 fxe5 18. dxe5 Rf5 19. Rfe1 Raf8 20. b4 Qf7 21.
b5 Nce7 22. Rc4 Ng6 23. Qc2 Nxe5 24. Rc8 Nxf3+ 25. Nxf3 Qf6 26. Rxf8+ Qxf8 27.
Ne5 Qd8 28. g3 Nf6 29. Qa4 Qc7 30. f4 Qc5+ 31. Kg2 Qd5+ 32. Kf2 d6 33. Nc6 Ng4+
34. Kg1 Qd2 {time} 0-1

[Event "Mercredi 2022.11.15 ABCD"]
[Site "Montreal CAN"]
[Date "2022.12.13"]
[Round "2"]
[White "Jacquet, Stephane"]
[Black "Chapdelaine, Gwyn"]
[Result "1/2-1/2"]
[WhiteElo "1988"]
[BlackElo "1985"]
[PlyCount "91"]
[EventDate "2022.11.16"]
[EventType "tourn"]
[EventRounds "5"]
[EventCountry "CAN"]

1. d4 Nf6 2. c4 e6 3. Nf3 d5 4. Nc3 Bb4 5. Qa4+ Nc6 6. Bf4 Bd7 7. Qc2 Ba5 8. a3
Bxc3+ 9. bxc3 Ne7 10. Ne5 Ng6 11. Nxg6 hxg6 12. e3 Rc8 13. cxd5 exd5 14. Bd3
Qe7 15. O-O O-O 16. a4 c5 17. Qb2 c4 18. Bc2 Bc6 19. a5 Ne4 20. Ba4 g5 21. Be5
f6 22. Bg3 Nxg3 23. hxg3 Rb8 24. Rfb1 Qc7 25. Qb4 f5 26. Qc5 Rbc8 27. Rb4 f4
28. gxf4 gxf4 29. e4 dxe4 30. Rxc4 Qd7 31. Bb3 Qg4 32. Qd6 Kh8 33. a6 e3 34. d5
exf2+ 35. Kxf2 Rfe8 36. Rh1+ Kg8 37. Re4 Bb5 38. axb7 Rxe4 39. bxc8=Q+ Qxc8 40.
c4 Bxc4 41. Bxc4 Rxc4 42. Rb1 Qc5+ 43. Qxc5 Rxc5 44. Rb8+ Kf7 45. Rb7+ Kf6 46.
Rxa7 1/2-1/2

[Event "Mercredi 2022.11.15 ABCD"]
[Site "Montreal CAN"]
[Date "2022.12.13"]
[Round "2"]
[White "Latorre, Vincent"]
[Black "Adam, Rafael"]
[Result "1-0"]
[WhiteElo "2130"]
[BlackElo "2244"]
[PlyCount "149"]
[EventDate "2022.11.16"]
[EventType "tourn"]
[EventRounds "5"]
[EventCountry "CAN"]

1. e4 e5 2. Nf3 Nc6 3. Bc4 Bc5 4. c3 Nf6 5. d3 d6 6. Bb3 h6 7. O-O O-O 8. h3
Re8 9. Re1 a6 10. Nbd2 Be6 11. Bc2 Ba7 12. Nf1 d5 13. Qe2 Qd7 14. Ng3 dxe4 15.
dxe4 Rad8 16. Nh4 Ne7 17. Qf3 Kh7 18. Nh5 Neg8 19. Nxf6+ Nxf6 20. Qg3 Qd6 21.
Kh2 g5 22. Qf3 Kg7 23. Nf5+ Bxf5 24. Qxf5 Qe6 25. Qf3 Rd6 26. Be3 Bxe3 27. Qxe3
Red8 28. Bb3 Qe8 29. Rad1 Qb5 30. Rxd6 Rxd6 31. Qe2 Qd7 32. Rd1 Rxd1 33. Bxd1
Qc6 34. Bc2 Ne8 35. Qf3 Nd6 36. Qg3 f6 37. Qf3 Qb5 38. Bb3 Qf1 39. Qe3 b6 40.
Qd2 Qb5 41. Bd5 a5 42. b3 Qf1 43. b4 Qb1 44. bxa5 bxa5 45. c4 Qb4 46. Qc2 h5
47. c5 Nb5 48. Qe2 Qxc5 49. Qxh5 Nd6 50. Qf3 Qc1 51. g3 Qd2 52. Kg2 Qc2 53. Qa3
Qd2 54. Qc5 Qb4 55. Qxc7+ Kf8 56. Qd8+ Ne8 57. Bc6 Qe7 58. Qxe7+ Kxe7 59. Bxe8
Kxe8 60. h4 Kf7 61. hxg5 fxg5 62. f4 gxf4 63. gxf4 exf4 64. Kf3 Ke6 65. Kxf4 a4
66. a3 Kd6 67. Ke3 Kc5 68. Kd3 Kd6 69. Kc4 Ke5 70. Kb4 Kxe4 71. Kxa4 Kd5 72.
Kb5 Kd6 73. Kb6 Kd7 74. Kb7 Kd6 75. a4 1-0

[Event "Mercredi 2022.11.15 ABCD"]
[Site "Montreal CAN"]
[Date "2022.11.23"]
[Round "2"]
[White "Lawson, Eric"]
[Black "Batorshyn, Ilia"]
[Result "1-0"]
[WhiteElo "2346"]
[BlackElo "2145"]
[PlyCount "71"]
[EventDate "2022.11.16"]
[EventType "tourn"]
[EventRounds "5"]
[EventCountry "CAN"]

1. e4 c6 2. d4 d5 3. e5 Bf5 4. Nf3 e6 5. Be2 Nd7 6. O-O Ne7 7. c3 c5 8. dxc5
Nc6 9. b4 Ncxe5 10. Nd4 Bxb1 11. Rxb1 Be7 12. Bb5 a6 13. Ba4 O-O 14. f4 Nc4 15.
Bb3 Bf6 16. Qd3 b5 17. a4 Bxd4+ 18. cxd4 g6 19. f5 exf5 20. Bh6 Re8 21. Rxf5
Nf6 22. Qf3 gxf5 23. Qxf5 Kh8 24. Bg5 Kg7 25. Rf1 Re6 26. Bc2 Qg8 27. Bxf6+ Kf8
28. Qxd5 Rae8 29. Qh5 Rxf6 30. Rxf6 Ne3 31. Qh6+ Ke7 32. Rf2 Nc4 33. Bd3 Qf8
34. Qxa6 Qg7 35. Bxc4 bxc4 36. Qd6# 1-0

[Event "Mercredi 2022.11.15 ABCD"]
[Site "Montreal CAN"]
[Date "2022.11.23"]
[Round "2"]
[White "Lebeau, Gilbert"]
[Black "Toenz, Antoine"]
[Result "1/2-1/2"]
[WhiteElo "1924"]
[BlackElo "1985"]
[PlyCount "47"]
[EventDate "2022.11.16"]
[EventType "tourn"]
[EventRounds "5"]
[EventCountry "CAN"]

1. d4 d5 2. c4 c6 3. Nc3 Nf6 4. Nf3 e6 5. Bg5 Nbd7 6. e3 Be7 7. Bd3 dxc4 8.
Bxc4 b5 9. Bd3 a6 10. O-O O-O 11. Qe2 Bb7 12. Rfd1 Re8 13. e4 h6 14. Bxf6 Nxf6
15. e5 Nd5 16. Qe4 g6 17. Qg4 Kg7 18. h4 Nxc3 19. bxc3 c5 20. Bc2 Bxf3 21. Qxf3
Bxh4 22. dxc5 Qc7 23. c6 Rad8 24. Rd4 1/2-1/2

[Event "Mercredi 2022.11.15 ABCD"]
[Site "Montreal CAN"]
[Date "2022.11.23"]
[Round "2"]
[White "Leveille, Francois"]
[Black "Rodrigue-Lemieux, Shawn"]
[Result "0-1"]
[WhiteElo "2331"]
[BlackElo "2489"]
[PlyCount "50"]
[EventDate "2022.11.16"]
[EventType "tourn"]
[EventRounds "5"]
[EventCountry "CAN"]

1. e4 e5 2. Nf3 Nc6 3. Bb5 a6 4. Ba4 d6 5. O-O Bd7 6. c3 g6 7. d4 Bg7 8. h3 Nf6
9. Re1 O-O 10. d5 Ne7 11. Bc2 h6 12. c4 Nh7 13. Nc3 f5 14. c5 f4 15. b4 g5 16.
Ba4 Bc8 17. Qb3 h5 18. Kf1 g4 19. hxg4 hxg4 20. Ng1 Ng6 21. Ba3 Qh4 22. Ke2 f3+
23. gxf3 gxf3+ 24. Kd1 Qxf2 25. Qc4 Qd4+ 0-1